00654nam a2200229 a 4500001001300000003000900013005001700022008004100039020000900080082001700089100003300106245001700139260003200156300000800188500003500196650001500231700003300246902000800279942000700287952011500294999001500409nice12345678IN_TiNIC20260116011906.0070622s1912 laha grp 000 0 urd  ac2500a297.86bAKM1 aAkmal, Muhammad Zahoor Uddin aRuhani Tabib aLahorebIslamia Pressc1912 a47p aincludes index and biblioraphy aAhmadiyyah1 aAkmal, Muhammad Zahoor Uddin bSRS cBK 001040708StackRoom-aHMIbHMId2007-06-22g25.00l0o297.86 AKM1p06196r2007-06-22v25.00w2007-06-22yBK c4753d4753